[Event "Oberliga Nord W 1011"]
[Site "Germany"]
[Date "2010.10.24"]
[Round "2.3"]
[White "Bogomolow, Sergej"]
[Black "Horn, Matthias"]
[Result "1-0"]
[WhiteElo "2210"]
[BlackElo "2221"]
[PlyCount "109"]
[EventDate "2010.10.10"]
[EventType "team-tourn"]
[EventRounds "9"]
[EventCountry "GER"]
[SourceTitle "EXT 2012"]
[Source "ChessBase"]
[SourceDate "2011.11.24"]
[SourceVersion "1"]
[SourceVersionDate "2011.11.24"]
[SourceQuality "1"]
[WhiteTeam "Uelzen Post"]
[BlackTeam "Braunschweig Gliesmarode"]
[WhiteTeamCountry "GER"]
[BlackTeamCountry "GER"]

1. e4 c5 2. Nf3 d6 3. Bb5+ Bd7 4. Bxd7+ Qxd7 5. 0-0 Nf6 6. e5 dxe5 7. Nxe5 Qd6 8. Re1 Nc6 9. Nxc6 Qxc6 10. d3 e6 11. Nd2 Be7 12. Nc4 Nd7 13. a4 h5 14. Bd2 b6 15. Bc3 f6 16. Qe2 Kf7 17. Rad1 Rae8 18. b3 h4 19. Qf1 Rh5 20. Re4 g6 21. h3 Bd8 22. Qe2 Bc7 23. d4 Re7 24. Bb2 Bb8 25. d5 Rxd5 26. Rxd5 Qxd5 27. Rxh4 Nf8 28. Re4 Rd7 29. g3 Qd1+ 30. Kg2 Qxe2 31. Rxe2 e5 32. Rd2 Rxd2 33. Nxd2 Ne6 34. Nc4 Nd4 35. Bxd4 cxd4 36. f3 f5 37. g4 Kf6 38. Nd2 Kg5 39. Kf2 Kf4 40. gxf5 gxf5 41. b4 Bd6 42. b5 Bc5 43. Nb3 Be7 44. Nc1 Bh4+ 45. Ke2 Kg3 46. Nd3 Bf6 47. Nb4 Kxh3 48. Nc6 Kg2 49. Nxa7 e4 50. f4 Kg3 51. Nc6 Kxf4 52. a5 d3+ 53. cxd3 bxa5 54. b6 Be5 55. Nxe5 1-0

[Event "Oberliga Nord W 0910"]
[Site "Germany"]
[Date "2010.02.07"]
[Round "6.6"]
[White "Barlag, Christoph"]
[Black "Bogomolow, Sergej"]
[Result "1-0"]
[WhiteElo "2108"]
[BlackElo "2190"]
[PlyCount "87"]
[EventDate "2009.10.18"]
[EventType "team-tourn"]
[EventRounds "9"]
[EventCountry "GER"]
[SourceTitle "EXT 2011"]
[Source "ChessBase"]
[SourceDate "2010.11.26"]
[SourceVersion "1"]
[SourceVersionDate "2010.11.26"]
[SourceQuality "1"]
[WhiteTeam "Braunschweig Gliesmarode"]
[BlackTeam "Uelzen Post"]
[WhiteTeamCountry "GER"]
[BlackTeamCountry "GER"]

1. c4 e5 2. g3 Nc6 3. Bg2 g6 4. Nc3 Bg7 5. e4 Nge7 6. Nge2 0-0 7. d3 d6 8. 0-0 Be6 9. Nd5 Rb8 10. Be3 f5 11. Qd2 Rf7 12. Rac1 Nc8 13. exf5 gxf5 14. d4 e4 15. Ndf4 Bd7 16. f3 exf3 17. Bxf3 N6e7 18. Nh5 Bh8 19. Bg5 c6 20. Nhf4 Qe8 21. Bh5 Qf8 22. Bxf7+ Qxf7 23. b3 b5 24. c5 Be6 25. Rcd1 Bd5 26. Nc3 b4 27. Ncxd5 cxd5 28. Qe3 Nc6 29. Kg2 h6 30. Bh4 Rb5 31. Qe6 Qxe6 32. Nxe6 Kf7 33. Nc7 Ra5 34. Rxf5+ Kg8 35. Rxd5 Rxa2+ 36. Kh3 Ra5 37. cxd6 Rxd5 38. Nxd5 Nxd6 39. Ne7+ Nxe7 40. Bxe7 Ne4 41. Rc1 a5 42. Rc8+ Kh7 43. d5 a4 44. d6 1-0

[Event "BL2-Nord 0809"]
[Site "Germany"]
[Date "2009.03.15"]
[Round "8.7"]
[White "Bogomolow, Sergej"]
[Black "Michna, Christian"]
[Result "1-0"]
[WhiteElo "2185"]
[BlackElo "2285"]
[PlyCount "89"]
[EventDate "2008.10.05"]
[EventType "team-tourn"]
[EventRounds "9"]
[EventCountry "GER"]
[SourceTitle "CBM 129 Extra"]
[Source "ChessBase"]
[SourceDate "2009.05.05"]
[SourceVersion "2"]
[SourceVersionDate "2009.05.20"]
[SourceQuality "1"]
[WhiteTeam "Uelzen Post"]
[BlackTeam "Norderstedt"]
[WhiteTeamCountry "GER"]
[BlackTeamCountry "GER"]

1. e4 c5 2. Nf3 e6 3. Be2 Nc6 4. 0-0 Nf6 5. Nc3 d5 6. exd5 Nxd5 7. Bb5 Be7 8. Bxc6+ bxc6 9. Ne4 0-0 10. d3 Rb8 11. Ne5 Qc7 12. f4 Ba6 13. Qe1 Rfe8 14. Qf2 f6 15. Nc4 Nb6 16. b3 Qd8 17. Nxc5 Bxc5 18. Qxc5 Nxc4 19. dxc4 Qb6 20. Be3 Red8 21. Rad1 Rxd1 22. Rxd1 Rd8 23. Rxd8+ Qxd8 24. Qxc6 Bc8 25. h3 Bd7 26. Qd6 Qc8 27. Bxa7 Kf7 28. Bc5 Bc6 29. Qe7+ Kg6 30. b4 Be4 31. b5 Bxc2 32. Qd6 Be4 33. a3 Ba8 34. Qd3+ Kf7 35. Bd6 Qb7 36. Qe2 g6 37. c5 Qd5 38. Kh2 h5 39. a4 Qb3 40. a5 Bd5 41. b6 Qa4 42. a6 Bc4 43. Qb2 Bxa6 44. b7 e5 45. b8Q 1-0

[Event "Oberliga Nord W 0708"]
[Site "Germany"]
[Date "2008.02.10"]
[Round "6.6"]
[White "Bogomolow, Sergej"]
[Black "Hoeffer, David"]
[Result "0-1"]
[WhiteElo "2166"]
[BlackElo "2236"]
[PlyCount "66"]
[EventDate "2007.10.21"]
[EventType "team-tourn"]
[EventRounds "9"]
[EventCountry "GER"]
[SourceTitle "EXT 2009"]
[Source "ChessBase"]
[SourceDate "2008.11.26"]
[SourceVersion "1"]
[SourceVersionDate "2008.11.26"]
[SourceQuality "1"]
[WhiteTeam "Uelzen Post"]
[BlackTeam "Delmenhorst"]
[WhiteTeamCountry "GER"]
[BlackTeamCountry "GER"]

1. e4 e5 2. Nf3 d6 3. d4 exd4 4. Nxd4 Nf6 5. Nc3 Be7 6. g3 d5 7. e5 Ng4 8. e6 Nf6 9. exf7+ Kxf7 10. Bg2 Re8 11. 0-0 c6 12. Nf3 Kg8 13. Ne2 Nbd7 14. c4 dxc4 15. Qc2 Nb6 16. Rd1 Nfd5 17. Ne5 Bc5 18. Nxc4 Bg4 19. Ne3 Bxe3 20. fxe3 Qe7 21. e4 Nb4 22. Qb3+ Kh8 23. Bd2 Na6 24. Re1 Rad8 25. Be3 Nc5 26. Bxc5 Qxc5+ 27. Kh1 Rd2 28. Nf4 Qd4 29. Qf7 Rg8 30. h3 Bd7 31. e5 Qxb2 32. Rab1 Qxa2 33. Rxb6 Qxf7 0-1

[Event "Oberliga Nord W 0708"]
[Site "Germany"]
[Date "2008.01.20"]
[Round "5.6"]
[White "Kampmann, Heiko"]
[Black "Bogomolow, Sergej"]
[Result "1/2-1/2"]
[WhiteElo "2204"]
[BlackElo "2166"]
[PlyCount "60"]
[EventDate "2007.10.21"]
[EventType "team-tourn"]
[EventRounds "9"]
[EventCountry "GER"]
[SourceTitle "EXT 2009"]
[Source "ChessBase"]
[SourceDate "2008.11.26"]
[SourceVersion "1"]
[SourceVersionDate "2008.11.26"]
[SourceQuality "1"]
[WhiteTeam "Hannover PSC"]
[BlackTeam "Uelzen Post"]
[WhiteTeamCountry "GER"]
[BlackTeamCountry "GER"]

1. d4 Nf6 2. Nc3 d5 3. Bg5 Nbd7 4. e3 e6 5. f4 c6 6. Nf3 Qc7 7. Bd3 Bd6 8. 0-0 b5 9. a3 h6 10. Bh4 g5 11. Bf2 gxf4 12. e4 dxe4 13. Nxe4 Nxe4 14. Bxe4 Nf6 15. Bd3 Bb7 16. c4 bxc4 17. Bxc4 Ng4 18. Qe2 Nxf2 19. Rxf2 0-0-0 20. Ba6 Qb6 21. Bxb7+ Kxb7 22. Rc1 Bc7 23. Kh1 Rd5 24. Qc4 Rhd8 25. Rfc2 R8d6 26. h3 f6 27. Re2 e5 28. dxe5 fxe5 29. Nxe5 Rd1+ 30. Re1 R6d4 1/2-1/2

[Event "BL2-Nord 0607"]
[Site "Germany"]
[Date "2007.03.18"]
[Round "7.8"]
[White "Bohnsack, Ralf"]
[Black "Bogomolow, Sergej"]
[Result "1/2-1/2"]
[WhiteElo "2160"]
[BlackElo "2210"]
[PlyCount "82"]
[EventDate "2006.10.15"]
[EventType "team-tourn"]
[EventRounds "9"]
[EventCountry "GER"]
[SourceTitle "EXT 2008"]
[Source "ChessBase"]
[SourceDate "2007.11.25"]
[SourceVersion "1"]
[SourceVersionDate "2007.11.25"]
[SourceQuality "1"]
[WhiteTeam "Norderstedt"]
[BlackTeam "Uelzen Post"]
[WhiteTeamCountry "GER"]
[BlackTeamCountry "GER"]

1. d4 Nf6 2. Nf3 g6 3. c4 Bg7 4. Nc3 0-0 5. e4 d6 6. Be2 e5 7. d5 a5 8. Bg5 Na6 9. Nd2 h6 10. Bh4 Qe8 11. 0-0 Bd7 12. b3 Nh7 13. a3 f5 14. f3 f4 15. Rb1 g5 16. Bf2 Nf6 17. b4 Qg6 18. c5 axb4 19. axb4 g4 20. c6 gxf3 21. Bxf3 bxc6 22. dxc6 Be6 23. Qe2 Rfb8 24. b5 Nc5 25. Ra1 Kh8 26. Rfb1 Ng4 27. Bxc5 dxc5 28. Na4 Ne3 29. Nxc5 Rxa1 30. Rxa1 Nc2 31. Rb1 Nd4 32. Qf1 Bf8 33. Nxe6 Qxe6 34. Kh1 Bc5 35. Qc4 Qe7 36. Bg4 Bb6 37. Nf3 Rg8 38. Nxd4 Bxd4 39. Bf3 Rg5 40. Re1 Qd6 41. Ra1 Qf6 1/2-1/2

[Event "BL2-Nord 0607"]
[Site "Germany"]
[Date "2006.10.15"]
[Round "1.8"]
[White "Ambelang, Harald"]
[Black "Bogomolow, Sergej"]
[Result "1-0"]
[WhiteElo "2145"]
[BlackElo "2210"]
[PlyCount "81"]
[EventDate "2006.10.15"]
[EventType "team-tourn"]
[EventRounds "9"]
[EventCountry "GER"]
[SourceTitle "EXT 2008"]
[Source "ChessBase"]
[SourceDate "2007.11.25"]
[SourceVersion "1"]
[SourceVersionDate "2007.11.25"]
[SourceQuality "1"]
[WhiteTeam "Werder Bremen II"]
[BlackTeam "Uelzen Post"]
[WhiteTeamCountry "GER"]
[BlackTeamCountry "GER"]

1. Nf3 Nf6 2. c4 g6 3. b4 Bg7 4. Bb2 0-0 5. e3 c6 6. Be2 d5 7. Na3 Na6 8. Rb1 Bf5 9. d3 Nxb4 10. cxd5 cxd5 11. 0-0 Nc6 12. Qa4 Qd7 13. Rfd1 Rfc8 14. h3 h6 15. Qb5 b6 16. Bc3 Qe8 17. Qb2 Qf8 18. Nb5 g5 19. Nd6 exd6 20. Bxf6 Ne5 21. Bxg7 Qxg7 22. Nd4 Bh7 23. Qa3 Qf6 24. Qa6 Qe7 25. Rb5 Rc5 26. Rxb6 axb6 27. Qxa8+ Kg7 28. Qb8 Ra5 29. Rd2 Ra6 30. Qc8 Ra5 31. Nc6 Nxc6 32. Qxc6 Qa7 33. Qc3+ f6 34. Bf3 Rxa2 35. Rxa2 Qxa2 36. Qc7+ Kg6 37. Qxd6 Bg8 38. Qf8 Bf7 39. Bh5+ Kxh5 40. Qxf7+ Kh4 41. g3+ 1-0

[Event "Oberliga Nord W 0506"]
[Site "Germany"]
[Date "2006.02.19"]
[Round "7.6"]
[White "Valeinis, Janis"]
[Black "Bogomolow, Sergej"]
[Result "0-1"]
[WhiteElo "2197"]
[BlackElo "2204"]
[PlyCount "84"]
[EventDate "2005.10.23"]
[EventType "team-tourn"]
[EventRounds "9"]
[EventCountry "GER"]
[SourceTitle "CBM 111 Extra"]
[Source "ChessBase"]
[SourceDate "2006.05.09"]
[SourceVersion "1"]
[SourceVersionDate "2006.05.09"]
[SourceQuality "1"]
[WhiteTeam "Goettingen"]
[BlackTeam "Uelzen Post"]
[WhiteTeamCountry "GER"]
[BlackTeamCountry "GER"]

1. d4 Nf6 2. c4 g6 3. g3 Bg7 4. Bg2 0-0 5. Nf3 d6 6. 0-0 Nbd7 7. Nc3 e5 8. h3 exd4 9. Nxd4 Re8 10. e4 a6 11. Re1 Rb8 12. a4 Ne5 13. b3 Bd7 14. Bg5 h6 15. Be3 Qc8 16. Kh2 h5 17. f4 Neg4+ 18. hxg4 Nxg4+ 19. Kh1 c5 20. Bg1 cxd4 21. Bxd4 Nf2+ 22. Bxf2 Bxc3 23. Qxd6 Bxa1 24. Rxa1 Bc6 25. Re1 Qe6 26. Qc5 Rbd8 27. Qg5 Qe7 28. Qa5 Qd6 29. Kg1 Qd2 30. Qg5 Rd3 31. g4 hxg4 32. Qxg4 Bd7 33. Qh4 Kg7 34. e5 Rxb3 35. Qf6+ Kg8 36. e6 Bxe6 37. Bd4 Qxe1+ 38. Kh2 Kf8 39. Bc5+ Kg8 40. Bd4 Kf8 41. Bc5+ Kg8 42. Bd4 Qg3+ 0-1

[Event "Dresden op 10th"]
[Site "Dresden"]
[Date "2001.07.30"]
[Round "4"]
[White "Bogomolow, Sergej"]
[Black "Draeger, Thomas"]
[Result "1/2-1/2"]
[WhiteElo "2209"]
[BlackElo "1914"]
[PlyCount "37"]
[EventDate "2001.07.27"]
[EventType "swiss"]
[EventRounds "9"]
[EventCountry "GER"]
[SourceTitle "EXT 2004"]
[Source "ChessBase"]
[SourceDate "2003.11.25"]
[SourceVersion "1"]
[SourceVersionDate "2003.11.25"]
[SourceQuality "1"]

1. e4 e6 2. d4 d5 3. Nd2 a6 4. c3 c5 5. Ngf3 Nc6 6. Bd3 cxd4 7. cxd4 Nf6 8. e5 Nd7 9. 0-0 Be7 10. Nb3 0-0 11. Bf4 f6 12. exf6 Nxf6 13. Bg3 a5 14. Rc1 Qb6 15. a4 Qb4 16. Ne5 Nxe5 17. Bxe5 Bd7 18. Nc5 Bxc5 19. Rxc5 1/2-1/2